| 000 | 00446nam a2200169Ia 4500 | ||
|---|---|---|---|
| 008 | 230711s9999||||xx |||||||||||||| ||und|| | ||
| 020 | _a978-81-203-4666-6 | ||
| 041 | _aENG | ||
| 082 |
_a515.35 _bDH-I |
||
| 100 | _aDharmaiah,V | ||
| 245 | 0 | _aIntroduction to Theory of Ordinary Differential Equations | |
| 250 | _a1st Ed. | ||
| 260 |
_c2013 _aNew Delhi _bPHI Learning Private Limited |
||
| 300 | _a391p. | ||
| 650 | _aMathematics | ||
| 942 | _cBK | ||
| 999 |
_c6749 _d6749 |
||